书目信息 |
| 题名: |
中国经济地理
|
|
| 作者: | 朱家泰 主编 ;南京大学地理系经济地理教研室 编 | |
| 分册: | ||
| 出版信息: | 北京 中央广播电视大学出版社 1985.11 |
|
| 页数: | 404页 | |
| 开本: | 26cm | |
| 丛书名: | ||
| 单 册: | ||
| 中图分类: | F129.9 | |
| 科图分类: | ||
| 主题词: | 经济地理--中国 | |
| 电子资源: | ||
| ISBN: | ||
| 000 | 00695nam0 2200217 45 | |
| 001 | 0404250956 | |
| 005 | 20050401110424.5 | |
| 010 | @dCNY3.70 | |
| 091 | @a12300.1 | |
| 100 | @a20040425d1985 km y0chiy0120 ea | |
| 101 | 0 | @achi |
| 105 | @a z 000yy | |
| 200 | 1 | @a中国经济地理@AZhong Guo Jing Ji Di Li@f朱家泰主编@FZhu Jia Tai Zhu Bian@g南京大学地理系经济地理教研室编 |
| 210 | @a北京@c中央广播电视大学出版社@d1985.11 | |
| 215 | @a404页@d26cm | |
| 606 | 0 | @a经济地理@x中国 |
| 690 | @aF129.9@v3 | |
| 701 | 0 | @a朱家泰@4主编 |
| 712 | 02 | @a南京大学地理系经济地理教研室@ANan Jing Da Xue Di Li Xi Jing Ji Di Li Jiao Yan Shi@4编 |
| 801 | @aCN@bPftUser@c20040425 | |
| 905 | @dF129.9@e30@f1@b166410 | |
| 中国经济地理/朱家泰主编/南京大学地理系经济地理教研室编.-北京:中央广播电视大学出版社,1985.11 |
| 404页;26cm |
| ISBN :CNY3.70 |
| ● |
| 相关链接 |
|
|
|
|
正题名:中国经济地理
索取号:F129.9/30
 
预约/预借
| 序号 | 登录号 | 条形码 | 馆藏地/架位号 | 状态 | 备注 |
| 1 | 0164508 | 000201828 | 第一借阅区/ [索取号:F129.9/30] | 在馆 | |
| 2 | 0164509 | 000201793 | 密集书库/ [索取号:F129.9/30] | 在馆 | |
| 3 | 0164510 | 000201800 | 密集书库/ [索取号:F129.9/30] | 在馆 | |
| 4 | 0164511 | 001973993 | 第一借阅区/ [索取号:F129.9/30] | 在馆 | |
| 5 | 0164512 | 002057678 | 第一样本阅览室/ [索取号:F129.9/30] | 在馆 | |
| 6 | 0166408 | 000201908 | 密集书库/ [索取号:F129.9/30] | 在馆 | |
| 7 | 0166409 | 000201864 | 密集书库/ [索取号:F129.9/30] | 在馆 | |
| 8 | 0166410 | 000201837 | 密集书库/ [索取号:F129.9/30] | 在馆 |